|
|
|
|
| LEADER |
00000nam0a2200000 4500 |
| 001 |
176516 |
| 005 |
20231101223300.0 |
| 010 |
|
|
|a 9785498075815
|
| 035 |
|
|
|a (RuTPU)RU\TPU\book\191362
|
| 090 |
|
|
|a 176516
|
| 100 |
|
|
|a 20100301d2010 m y0rusy50 ca
|
| 101 |
0 |
|
|a rus
|
| 102 |
|
|
|a RU
|
| 105 |
|
|
|a a j 000zy
|
| 200 |
1 |
|
|a Экономические и финансовые расчеты в Excel
|e учебные пособия
|f В. И. Пикуза
|
| 210 |
|
|
|a СПб.
|c Питер
|d 2010
|
| 215 |
|
|
|a 384 с.
|c ил.
|e Прилож.:CD-R
|
| 225 |
1 |
|
|a Самоучитель
|
| 330 |
|
|
|a Цель этой книги — научить читателей использовать возможности приложения Excel для решения своих практических задач, возникающих как на работе, так и дома. Вы научитесь выполнять необходимые финансовые и экономические расчеты, обрабатывать табличные данные и правильно представлять результаты вычислений. Издание содержит примеры, охватывающие различные сферы экономики. Многие задачи посвящены таким важным вопросам, как расчет доходов и расходов, налогообложение и бухгалтерский учет, бизнес-анализ больших объемов данных и сводных таблиц. К книге прилагается компакт-диск, на котором размещены файлы электронных таблиц с рассматриваемыми примерами.
|
| 606 |
1 |
|
|a Финансовая математика
|2 stltpush
|3 (RuTPU)RU\TPU\subj\37200
|9 58306
|
| 606 |
1 |
|
|a Вычислительные машины электронные
|x Применение в экономике
|2 stltpush
|3 (RuTPU)RU\TPU\subj\69587
|9 84373
|
| 610 |
1 |
|
|a экономика
|
| 610 |
1 |
|
|a экономические расчеты
|
| 610 |
1 |
|
|a финансовые расчеты
|
| 610 |
1 |
|
|a ЭВМ
|
| 610 |
1 |
|
|a Excel
|
| 610 |
1 |
|
|a денежные потоки
|
| 610 |
1 |
|
|a базы данных
|
| 610 |
1 |
|
|a таблицы
|
| 610 |
1 |
|
|a таблицы данных
|
| 610 |
1 |
|
|a электронный табель
|
| 610 |
1 |
|
|a доходы
|
| 610 |
1 |
|
|a налогообложение
|
| 610 |
1 |
|
|a самоучители
|
| 686 |
|
|
|a Ув6c51я73
|v LBC/SL-A
|2 rubbk
|
| 686 |
|
|
|a У9(2)262.3я73
|v LBC/SL-A
|2 rubbk
|
| 700 |
|
1 |
|a Пикуза
|b В. И.
|g Владимир Иванович
|
| 801 |
|
1 |
|a RU
|b 63413507
|c 20100301
|
| 801 |
|
2 |
|a RU
|b 63413507
|c 20230323
|g RCR
|
| 942 |
|
|
|c BK
|
| 959 |
|
|
|a 9/20100301
|d 2
|e 180,00
|f АНЛ:1
|f НФ:1
|